[Event "4NCL Online Division 6"]
[Site "online"]
[Date "2021.04.06"]
[EventDate "2021.04.06"]
[Round "6.93"]
[White "Macphail, Kieran"]
[WhiteElo "1659"]
[WhiteTeam "Camborne Pendarves"]
[Black "Rich, Aaron"]
[BlackElo "1627"]
[BlackTeam "St Andrews White Cross 1"]
[Result "1/2-1/2"]
[PlyCount "150"]

1. e4 b6 2. d4 e6 3. Bd3 Bb7 4. Nf3 c5 5. c3 cxd4 6. cxd4 Bb4+ 7. Bd2 Bxd2+ 8. Nbxd2 Ne7 9. O-O O-O 10. Nc4 d5 11. exd5 Bxd5 12. Nce5 h6 13. b3 Nd7 14. Rc1 Nxe5 15. Nxe5 Ng6 16. Nxg6 fxg6 17. Qg4 g5 18. Bc4 Rf4 19. Qg3 h5 20. Bxd5 Qxd5 21. h3 h4 22. Qe3 Rxd4 23. Rfe1 Re8 24. Rc2 Rd3 25. Qc1 g4 26. Rc8 Rxc8 27. Qxc8+ Kh7 28. Qxe6 Qxe6 29. Rxe6 gxh3 30. Re7 hxg2 31. Kxg2 h3+ 32. Kh2 a5 33. Rb7 Rd2 34. Rxb6 Rxf2+ 35. Kxh3 Rxa2 36. Ra6 Ra3 37. Kg4 Rxb3 38. Rxa5 Kh6 39. Rh5+ Kg6 40. Rg5+ Kf6 41. Rf5+ Ke6 42. Rf1 Rb4+ 43. Kg5 Re4 44. Kg6 Rg4+ 45. Kh5 Rg2 46. Kh4 g6 47. Kh3 Rg5 48. Kh4 Rf5 49. Re1+ Kf6 50. Kg4 Rg5+ 51. Kf4 Rf5+ 52. Kg4 g5 53. Kg3 Rf4 54. Kg2 g4 55. Kg3 Kf5 56. Kg2 Rf3 57. Ra1 Re3 58. Rf1+ Ke4 59. Ra1 Kf4 60. Rf1+ Rf3 61. Rxf3+ gxf3+ 62. Kf2 Ke4 63. Kf1 Ke3 64. Ke1 Kf4 65. Kf2 Kg4 66. Kf1 Kf5 67. Kf2 Kf4 68. Kf1 Kg3 69. Kg1 Kh4 70. Kf2 Kg4 71. Kf1 Kf5 72. Kf2 Kf4 73. Kf1 Ke3 74. Ke1 f2+ 75. Kf1 Kf3 1/2-1/2

[Event "4NCL Online Division 6"]
[Site "online"]
[Date "2021.04.06"]
[EventDate "2021.04.06"]
[Round "6.94"]
[White "Scott, Ian"]
[WhiteElo "1578"]
[WhiteTeam "St Andrews White Cross 1"]
[Black "Pope, Martin"]
[BlackElo "1651"]
[BlackTeam "Camborne Pendarves"]
[Result "1-0"]
[PlyCount "39"]

1. e4 c6 2. d4 d5 3. Nc3 dxe4 4. Nxe4 Nf6 5. Nxf6+ exf6 6. Nf3 Be7 7. Bc4 O-O 8. Be3 Nd7 9. c3 Nb6 10. Bd3 Qc7 11. Qc2 g6 12. O-O-O Bd6 13. Rde1 Bd7 14. h4 f5 15. g3 Nd5 16. Bd2 Rfe8 17. h5 c5 18. hxg6 fxg6 19. Bc4 Bc6 20. Qb3 1-0

[Event "4NCL Online Division 6"]
[Site "online"]
[Date "2021.04.06"]
[EventDate "2021.04.06"]
[Round "6.101"]
[White "Oates, Thomas"]
[WhiteElo "1645"]
[WhiteTeam "Jan Luke's Cyberwarriors"]
[Black "Vann, Richard P"]
[BlackElo "1829"]
[BlackTeam "Ashby Ivanhoe"]
[Result "0-1"]
[PlyCount "36"]

1. d4 d5 2. c4 c6 3. Nf3 Nf6 4. Nc3 dxc4 5. a4 Bf5 6. Bg5 Nd5 7. e3 Qa5 8. Qd2 Nxc3 9. Qxc3 Qxc3+ 10. bxc3 b5 11. Bf4 a6 12. axb5 cxb5 13. Bxb8 Rxb8 14. Rxa6 f6 15. Be2 Kf7 16. Ra5 e6 17. O-O Be7 18. Rb1 Bxb1 0-1

[Event "4NCL Online Division 6"]
[Site "online"]
[Date "2021.04.06"]
[EventDate "2021.04.06"]
[Round "6.102"]
[White "Wilson, Andrew B"]
[WhiteElo "1654"]
[WhiteTeam "Ashby Ivanhoe"]
[Black "Nancarrow, Richard"]
[BlackElo "1546"]
[BlackTeam "Jan Luke's Cyberwarriors"]
[Result "0-1"]
[PlyCount "74"]

1. d4 d5 2. Bf4 e6 3. e3 Bd6 4. Bg3 Nf6 5. Nd2 O-O 6. c3 a6 7. Bd3 b5 8. Ngf3 Nbd7 9. Ne5 Bb7 10. O-O Be7 11. Qe2 c5 12. f4 c4 13. Bc2 Ne4 14. Nxe4 dxe4 15. f5 exf5 16. Rxf5 g6 17. Rf2 f5 18. b3 Nxe5 19. Bxe5 Bd5 20. bxc4 Bxc4 21. Bb3 Bxb3 22. axb3 Bd6 23. Bxd6 Qxd6 24. c4 Qb4 25. Qc2 bxc4 26. Qxc4+ Qxc4 27. bxc4 Rfd8 28. g3 Kf7 29. Rb2 Ke7 30. c5 Rd7 31. Rb6 a5 32. Ra4 Rda7 33. Kf2 Kd7 34. Ke2 Kc7 35. Kd2 Ra6 36. Rb5 Kc6 37. Kc3 Kxb5 0-1

[Event "4NCL Online Division 6"]
[Site "online"]
[Date "2021.04.06"]
[EventDate "2021.04.06"]
[Round "6.103"]
[White "Spargo, Philip J"]
[WhiteElo "1438"]
[WhiteTeam "Jan Luke's Cyberwarriors"]
[Black "Hayden, Lawrence F"]
[BlackElo "1653"]
[BlackTeam "Ashby Ivanhoe"]
[Result "1/2-1/2"]
[PlyCount "60"]

1. e4 e5 2. d3 d5 3. exd5 Qxd5 4. Nc3 Qd8 5. Nf3 Nc6 6. Be2 g6 7. Be3 Bg7 8. Qc1 Nd4 9. Bxd4 exd4 10. Ne4 c5 11. b3 Bf5 12. Ned2 Ne7 13. O-O O-O 14. Nh4 Be6 15. Nhf3 Nd5 16. Nb1 h6 17. Re1 Qc7 18. Nbd2 Nc3 19. Nb1 Nxe2+ 20. Rxe2 Bg4 21. Nbd2 Rfe8 22. Rxe8+ Rxe8 23. Qf1 Kf8 24. Re1 Rxe1 25. Qxe1 Qa5 26. a4 a6 27. h3 Bxf3 28. Nxf3 Qxe1+ 29. Nxe1 Ke7 30. Nf3 Ke6 1/2-1/2

[Event "4NCL Online Division 6"]
[Site "online"]
[Date "2021.04.06"]
[EventDate "2021.04.06"]
[Round "6.104"]
[White "Wyld, Nick M"]
[WhiteElo "1439"]
[WhiteTeam "Ashby Ivanhoe"]
[Black "Scully, Pat"]
[BlackElo "1495"]
[BlackTeam "Jan Luke's Cyberwarriors"]
[Result "1-0"]
[PlyCount "103"]

1. e4 e5 2. Nf3 Nc6 3. Bc4 Bc5 4. Nc3 Nf6 5. d3 Bxf2+ 6. Kf1 Ng4 7. h3 Ne3+ 8. Bxe3 Bxe3 9. Qe2 Bd4 10. Nxd4 Nxd4 11. Qf2 O-O 12. Kg1 Qf6 13. Qxf6 gxf6 14. Rc1 Ne2+ 15. Nxe2 Kh8 16. Kh2 Rg8 17. Bxf7 Rg7 18. Bh5 c6 19. Rcf1 Rg5 20. Ng3 d5 21. Rxf6 Bxh3 22. gxh3 Rag8 23. Bg4 h5 24. Rh6+ Kg7 25. Rxh5 Rg6 26. Rf1 Rf8 27. Rxf8 Kxf8 28. Rh8+ Kg7 29. Rb8 Rf6 30. Rxb7+ Kf8 31. Nf5 a5 32. Kg3 Ke8 33. h4 Rf8 34. h5 Rh8 35. exd5 cxd5 36. c4 dxc4 37. dxc4 Kd8 38. a3 Kc8 39. Re7 Rd8 40. Rxe5 Rd3+ 41. Re3 Rd1 42. b4 axb4 43. axb4 Rg1+ 44. Kf4 Rf1+ 45. Ke5 Kc7 46. Re4 Kc6 47. b5+ Kc5 48. h6 Rh1 49. Bf3 Rh2 50. Rh4 Ra2 51. Be4 Ra8 52. Bxa8 1-0

[Event "4NCL Online Division 6"]
[Site "online"]
[Date "2021.04.06"]
[EventDate "2021.04.06"]
[Round "6.111"]
[White "Nield, Robert C"]
[WhiteElo "1648"]
[WhiteTeam "Shropshire 5"]
[Black "Clark, Richard"]
[BlackElo "1885"]
[BlackTeam "Cornish Pirates"]
[Result "1-0"]
[PlyCount "75"]

1. e4 g6 2. d4 Bg7 3. Nc3 d6 4. Be3 Nd7 5. Qd2 Ngf6 6. O-O-O e5 7. d5 Nb6 8. Be2 Bd7 9. h4 h5 10. f3 Qe7 11. Nb5 Bxb5 12. Bxb5+ Nbd7 13. Kb1 a6 14. Qa5 Qd8 15. Bxd7+ Qxd7 16. Ne2 O-O-O 17. Rd3 Qb5 18. Qa3 Bh6 19. Nc3 Qe8 20. Bf2 Nd7 21. Na4 f5 22. Rc3 Kb8 23. Qb4 Bd2 24. Ka1 Bxc3 25. bxc3 Ka8 26. Rb1 Rb8 27. c4 fxe4 28. fxe4 Rf8 29. Be3 b6 30. Qa3 Ka7 31. Nc3 Nc5 32. Rb5 Rf1+ 33. Kb2 Kb7 34. Bxc5 axb5 35. Bxd6 cxd6 36. Nxb5 Rf6 37. Qa7+ Kc8 38. Qc7# 1-0

[Event "4NCL Online Division 6"]
[Site "online"]
[Date "2021.04.06"]
[EventDate "2021.04.06"]
[Round "6.112"]
[White "Willis, Toby W"]
[WhiteElo "1781"]
[WhiteTeam "Cornish Pirates"]
[Black "Hilditch-Love, Daniel"]
[BlackElo "1626"]
[BlackTeam "Shropshire 5"]
[Result "0-1"]
[PlyCount "72"]

1. d4 Nf6 2. c4 c5 3. d5 e5 4. Nc3 d6 5. e4 Be7 6. Bd3 Nbd7 7. Nge2 Nf8 8. Ng3 Ng6 9. Nf5 O-O 10. g3 Bd7 11. h4 Nh8 12. h5 Ne8 13. Bd2 Bg5 14. Qe2 Bxd2+ 15. Qxd2 Bxf5 16. exf5 h6 17. O-O-O a6 18. Ne4 b5 19. f4 Rb8 20. fxe5 dxe5 21. Rdf1 f6 22. b3 Nd6 23. cxb5 Nxe4 24. Bxe4 axb5 25. Kb1 Nf7 26. Rc1 Qb6 27. Ka1 Nd6 28. Bd3 Rfc8 29. Be2 Nxf5 30. Bg4 Nd4 31. Bxc8 Rxc8 32. Rhd1 Ra8 33. Qd3 c4 34. bxc4 bxc4 35. Qxc4 Nb3+ 36. Kb1 Na5+ 0-1

[Event "4NCL Online Division 6"]
[Site "online"]
[Date "2021.04.06"]
[EventDate "2021.04.06"]
[Round "6.113"]
[White "Salter, Ivor"]
[WhiteElo "1555"]
[WhiteTeam "Shropshire 5"]
[Black "JimÃ©nez PatiÃ±o, Manuel David"]
[BlackElo "1704"]
[BlackTeam "Cornish Pirates"]
[Result "1/2-1/2"]
[PlyCount "96"]

1. e4 e6 2. Nf3 d5 3. Nc3 c5 4. exd5 exd5 5. Bb5+ Nc6 6. Qe2+ Be7 7. Ne5 Qd6 8. d3 a6 9. Bxc6+ bxc6 10. O-O Nf6 11. Bf4 Qe6 12. Rfe1 Bb7 13. Qf3 Nd7 14. Re2 O-O 15. Rae1 Rfe8 16. Bg3 Nxe5 17. Bxe5 Qd7 18. Qg3 f6 19. Bf4 Kf8 20. h4 Kg8 21. h5 Bf8 22. Na4 Rxe2 23. Rxe2 Re8 24. Rxe8 Qxe8 25. Qe3 Qxe3 26. fxe3 Bc8 27. Bc7 Bg4 28. Bb6 c4 29. dxc4 dxc4 30. c3 Bxh5 31. Nc5 Bxc5 32. Bxc5 Kf7 33. Kf2 Ke6 34. Kg3 g5 35. Kf2 f5 36. g3 g4 37. b3 Kd5 38. Bf8 Bf7 39. b4 Ke4 40. Bg7 Kd5 41. Bd4 Ke4 42. a4 Kd5 43. a5 Ke4 44. Ke2 h5 45. Bb6 Be6 46. Bd4 Bf7 47. Kf2 Be6 48. Ke2 Bf7 1/2-1/2

[Event "4NCL Online Division 6"]
[Site "online"]
[Date "2021.04.06"]
[EventDate "2021.04.06"]
[Round "6.114"]
[White "Robinson, Neil"]
[WhiteElo "1657"]
[WhiteTeam "Cornish Pirates"]
[Black "Holmes, Nick D"]
[BlackElo "1534"]
[BlackTeam "Shropshire 5"]
[Result "1-0"]
[PlyCount "65"]

1. d4 d5 2. c4 c6 3. Nf3 Bg4 4. h3 Bxf3 5. gxf3 e6 6. Nc3 Bb4 7. Rg1 g6 8. e4 Ne7 9. Bg5 Nd7 10. Qb3 Bxc3+ 11. Qxc3 f6 12. Be3 Qc7 13. O-O-O O-O 14. cxd5 exd5 15. Bd3 Rfb8 16. f4 b5 17. f5 b4 18. Qd2 a5 19. fxg6 hxg6 20. f4 c5 21. Kb1 c4 22. Rc1 Rc8 23. exd5 Qb6 24. Bxc4 Rc7 25. d6+ Kf8 26. dxe7+ Kxe7 27. Rxg6 Rac8 28. b3 a4 29. Rg7+ Kd6 30. f5 axb3 31. Bf4+ Ne5 32. dxe5+ Kc5 33. Bf1# 1-0

[Event "4NCL Online Division 6"]
[Site "online"]
[Date "2021.04.06"]
[EventDate "2021.04.06"]
[Round "6.121"]
[White "Davies, Adrian"]
[WhiteElo "1676"]
[WhiteTeam "Morriston Benko"]
[Black "Wooster, Nick"]
[BlackElo "1649"]
[BlackTeam "Hertford 3"]
[Result "1/2-1/2"]
[PlyCount "101"]

1. e4 c5 2. d3 d6 3. g3 Nc6 4. Bg2 Nf6 5. Ne2 g6 6. O-O Bg7 7. c3 O-O 8. Nd2 Bg4 9. h3 Bxe2 10. Qxe2 Qc7 11. f4 Nh5 12. Kh2 Rae8 13. Qf2 b6 14. Nb3 a5 15. Be3 a4 16. Nc1 b5 17. Qd2 b4 18. Ne2 e6 19. g4 Nf6 20. Kg1 Rc8 21. f5 Nd7 22. Bh6 bxc3 23. bxc3 exf5 24. Bxg7 Kxg7 25. gxf5 Nce5 26. Nf4 Nf6 27. Rad1 Rb8 28. fxg6 hxg6 29. Qf2 Qe7 30. d4 cxd4 31. cxd4 Ned7 32. Rde1 a3 33. Nd3 Qd8 34. Rb1 Rxb1 35. Rxb1 Qa5 36. Qc2 Qg5 37. Re1 Re8 38. Nf2 Nh5 39. Qe2 Ndf6 40. Ng4 Nf4 41. Qf3 Nxg4 42. Qxg4 Qxg4 43. hxg4 Nxg2 44. Kxg2 f5 45. Kf3 Kf6 46. gxf5 gxf5 47. Re3 Rxe4 48. Rxe4 fxe4+ 49. Kxe4 Ke6 50. d5+ Kf6 51. Kf4 1/2-1/2

[Event "4NCL Online Division 6"]
[Site "online"]
[Date "2021.04.06"]
[EventDate "2021.04.06"]
[Round "6.122"]
[White "Marshall, Duncan"]
[WhiteElo "1649"]
[WhiteTeam "Hertford 3"]
[Black "Jones, Huw"]
[BlackElo "1657"]
[BlackTeam "Morriston Benko"]
[Result "1-0"]
[PlyCount "85"]

1. d4 d6 2. e3 e5 3. Bd3 Nf6 4. Nd2 Be7 5. Ngf3 c6 6. dxe5 dxe5 7. Nxe5 Qc7 8. Nef3 O-O 9. O-O Nbd7 10. Bf5 Nb6 11. Bxc8 Raxc8 12. b3 Rcd8 13. Qe2 Rfe8 14. Bb2 Nbd5 15. a3 Bd6 16. g3 b5 17. b4 Qd7 18. Rfd1 Qg4 19. Nd4 Qxe2 20. Nxe2 c5 21. c4 Nb6 22. bxc5 Bxc5 23. cxb5 Ng4 24. Nb3 Be7 25. Nbd4 Bf6 26. Rac1 Nd5 27. h3 Ne5 28. Ba1 h6 29. Kg2 Rc8 30. Nc6 Nxc6 31. bxc6 Bxa1 32. Rxa1 Nb6 33. Rac1 Re6 34. Nd4 Re7 35. Nf5 Rec7 36. g4 Kf8 37. Rd6 Na4 38. Kf3 Nb6 39. h4 Nd7 40. cxd7 Rxc1 41. dxc8=Q+ Rxc8 42. Rd7 a5 43. Ra7 1-0

[Event "4NCL Online Division 6"]
[Site "online"]
[Date "2021.04.06"]
[EventDate "2021.04.06"]
[Round "6.123"]
[White "Tonks, Brian"]
[WhiteElo "1400"]
[WhiteTeam "Morriston Benko"]
[Black "Hutton, Allan"]
[BlackElo "1563"]
[BlackTeam "Hertford 3"]
[Result "0-1"]
[PlyCount "52"]

1. d4 Nf6 2. Bf4 d5 3. e3 e6 4. Bd3 Bd6 5. Ne2 O-O 6. O-O c5 7. c3 b6 8. Nd2 Ba6 9. Nf3 Bxd3 10. Qxd3 c4 11. Qc2 Bxf4 12. Nxf4 Nc6 13. b3 b5 14. b4 Ne4 15. Nd2 Nxd2 16. Qxd2 Ne7 17. Qb2 Qc7 18. a4 a6 19. Ra2 bxa4 20. Rxa4 Ra7 21. Rfa1 Rfa8 22. R1a3 Nf5 23. b5 axb5 24. Qxb5 Rxa4 25. Rxa4 Rb8 26. Qa5 Rb1# 0-1

[Event "4NCL Online Division 6"]
[Site "online"]
[Date "2021.04.06"]
[EventDate "2021.04.06"]
[Round "6.124"]
[White "Zsibrita, Steve"]
[WhiteElo "1485"]
[WhiteTeam "Hertford 3"]
[Black "Giannini, John"]
[BlackElo "850"]
[BlackTeam "Morriston Benko"]
[Result "1-0"]
[PlyCount "121"]

1. d4 d5 2. e3 a6 3. Bd3 Nf6 4. Nd2 Bg4 5. f3 Bh5 6. Ne2 Bg6 7. Nf4 Bxd3 8. Nxd3 e6 9. O-O Bd6 10. f4 O-O 11. Nf3 h6 12. Nfe5 Bxe5 13. fxe5 Ne4 14. Nf4 c6 15. Rf3 Qe8 16. Rh3 f6 17. Qg4 Ng5 18. Rh4 f5 19. Qe2 a5 20. b3 Qe7 21. Ng6 Qf7 22. Nxf8 Qxf8 23. a4 Na6 24. Ba3 Qe8 25. Rf1 Qf7 26. g4 g6 27. Rxh6 Kg7 28. Rh4 Rh8 29. Rxh8 Kxh8 30. gxf5 gxf5 31. Qg2 Qg6 32. Kh1 Kg7 33. Rg1 Kh6 34. Be7 Kg7 35. Qxg5 Qxg5 36. Rxg5+ Kf7 37. Bf6 f4 38. exf4 Nb4 39. c3 Nc2 40. h4 Ne3 41. h5 Nf5 42. Kg2 Ne3+ 43. Kf3 Nf5 44. Rxf5 exf5 45. Kg3 b6 46. Kh4 c5 47. dxc5 bxc5 48. Kg5 d4 49. cxd4 cxd4 50. e6+ Kxe6 51. Bxd4 Kf7 52. h6 Kf8 53. Kg6 Kg8 54. h7+ Kf8 55. h8=Q+ Ke7 56. Qf6+ Kd7 57. Be5 Kc8 58. Qc6+ Kd8 59. Qb6+ Ke8 60. Kf6 Kf8 61. Qb8# 1-0

[Event "4NCL Online Division 6"]
[Site "online"]
[Date "2021.04.06"]
[EventDate "2021.04.06"]
[Round "6.131"]
[White "Vadalia, Jainill"]
[WhiteElo "1140"]
[WhiteTeam "Phones Pals Rooks"]
[Black "Caceres de la Calle, Eduardo"]
[BlackElo "1709"]
[BlackTeam "Hackney Hungry"]
[Result "1-0"]
[PlyCount "91"]

1. d4 d5 2. c4 c6 3. Nf3 Nf6 4. e3 e6 5. Be2 Bd6 6. O-O O-O 7. Nc3 Nbd7 8. Qc2 b6 9. e4 dxe4 10. Nxe4 Nxe4 11. Qxe4 Bb7 12. Rd1 Qe7 13. Bg5 f6 14. Be3 f5 15. Qd3 Rad8 16. Bg5 Nf6 17. Rac1 c5 18. d5 Kh8 19. Rc2 exd5 20. cxd5 Bxd5 21. Qxd5 Bxh2+ 22. Nxh2 Rxd5 23. Rxd5 Rd8 24. Rxd8+ Qxd8 25. Rd2 Qe7 26. Nf3 h6 27. Bxf6 Qxf6 28. Bd3 g5 29. g3 h5 30. Kg2 h4 31. gxh4 gxh4 32. b3 Kg7 33. Bc4 Qg6+ 34. Kh2 h3 35. Rd7+ Kh6 36. Ne1 Qe8 37. Rd6+ Kg5 38. Re6 Qb8+ 39. Kxh3 Kf4 40. Nd3+ Kg5 41. f4+ Kh5 42. Ne5 Qg8 43. Be2+ Qg4+ 44. Bxg4+ fxg4+ 45. Nxg4 c4 46. Rh6# 1-0

[Event "4NCL Online Division 6"]
[Site "online"]
[Date "2021.04.06"]
[EventDate "2021.04.06"]
[Round "6.132"]
[White "Frankl, Mischa"]
[WhiteElo "1700"]
[WhiteTeam "Hackney Hungry"]
[Black "Suyal, Nivedita"]
[BlackElo "1072"]
[BlackTeam "Phones Pals Rooks"]
[Result "1-0"]
[PlyCount "107"]

1. e4 e5 2. Nc3 Nf6 3. f4 exf4 4. e5 Ng8 5. Nf3 Nc6 6. d4 d6 7. Bxf4 dxe5 8. dxe5 Qxd1+ 9. Rxd1 Bf5 10. Bd3 Bxd3 11. cxd3 Bb4 12. O-O Bc5+ 13. d4 Bb6 14. Kh1 O-O-O 15. d5 Nce7 16. b4 a6 17. a4 Ng6 18. Bg3 Nh6 19. Ng5 Be3 20. Nxf7 Nxf7 21. Rxf7 Rhg8 22. h4 Rdf8 23. Rdf1 Bd4 24. e6 Rxf7 25. Rxf7 Ne5 26. Bxe5 Bxe5 27. Ne4 Bd6 28. b5 axb5 29. axb5 h6 30. b6 Be5 31. bxc7 Bxc7 32. d6 Bb6 33. Nc3 Ba5 34. Nd5 Rh8 35. Rxg7 Rf8 36. e7 Rh8 37. Rf7 Kd7 38. Rf8 Rxf8 39. exf8=Q b5 40. Qxh6 b4 41. Qg7+ Kc6 42. Nxb4+ Bxb4 43. Qc7+ Kd5 44. d7 Be7 45. d8=Q+ Bxd8 46. Qxd8+ Kc5 47. g4 Kc6 48. g5 Kb5 49. g6 Kb4 50. g7 Kb5 51. g8=Q Kb4 52. Qc8 Ka5 53. Qb7 Ka4 54. Qga8# 1-0

[Event "4NCL Online Division 6"]
[Site "online"]
[Date "2021.04.06"]
[EventDate "2021.04.06"]
[Round "6.133"]
[White "Lukhi, Neev"]
[WhiteElo "970"]
[WhiteTeam "Phones Pals Rooks"]
[Black "Burgoyne, Peter A"]
[BlackElo "1701"]
[BlackTeam "Hackney Hungry"]
[Result "1-0"]
[PlyCount "125"]

1. e4 c5 2. Nf3 Nc6 3. d4 cxd4 4. Nxd4 e5 5. Nxc6 bxc6 6. Nc3 Nf6 7. Bg5 Be7 8. Bxf6 Bxf6 9. Bc4 O-O 10. O-O Rb8 11. Bb3 d6 12. Qe2 Be6 13. Rad1 Be7 14. Na4 Bxb3 15. cxb3 Qc7 16. Rd3 Rfd8 17. Rc1 Qb7 18. Qc2 Rdc8 19. Rc3 c5 20. Rf3 Bg5 21. Rd1 Qc6 22. Qc4 Bf6 23. Nc3 Rb4 24. Qe2 Rd4 25. Nd5 Bd8 26. Rc1 Qd7 27. Rg3 f5 28. Nc3 Bh4 29. Rh3 Bg5 30. Re1 Bd2 31. Rd1 Bxc3 32. bxc3 Rxe4 33. Qa6 Rd8 34. Rhd3 d5 35. f3 c4 36. Rxd5 Re1+ 37. Rxe1 Qxd5 38. bxc4 Qd2 39. Qe6+ Kh8 40. Qxe5 h6 41. Re2 Qc1+ 42. Kf2 f4 43. Qe7 Rd2 44. Rxd2 Qxd2+ 45. Qe2 Qxc3 46. Qe8+ Kh7 47. Qe4+ Kh8 48. Qxf4 Qc2+ 49. Kg3 Qxa2 50. c5 Qc2 51. Qd6 Qc1 52. c6 Qg5+ 53. Kf2 Qh4+ 54. Ke3 Qe1+ 55. Kd4 Qd2+ 56. Ke5 Qe3+ 57. Kd5 Qd3+ 58. Ke6 Qg6+ 59. Kd7 Qf7+ 60. Kc8 a5 61. c7 Qc4 62. Kb8 Qb3+ 63. Ka8 1-0

[Event "4NCL Online Division 6"]
[Site "online"]
[Date "2021.04.06"]
[EventDate "2021.04.06"]
[Round "6.134"]
[White "Neame, Robert"]
[WhiteElo "1328"]
[WhiteTeam "Hackney Hungry"]
[Black "Srivastava, Aditya"]
[BlackElo "654"]
[BlackTeam "Phones Pals Rooks"]
[Result "1/2-1/2"]
[PlyCount "101"]

1. d4 Nf6 2. c4 d5 3. Nc3 g6 4. cxd5 Nxd5 5. e4 Nxc3 6. bxc3 Bg7 7. Nf3 c5 8. Be2 Nc6 9. Be3 Bg4 10. e5 Bxf3 11. Bxf3 cxd4 12. cxd4 Qc7 13. Rc1 O-O 14. O-O Qd7 15. Qa4 Nxe5 16. Qxd7 Nxd7 17. Rc7 Nf6 18. Rxe7 Rad8 19. Rxb7 Rd7 20. Rxd7 Nxd7 21. Bc6 Nb6 22. d5 Nc8 23. Bc5 Rd8 24. Rd1 Bf8 25. Bxf8 Kxf8 26. a4 Ne7 27. Bb7 Kg7 28. d6 Nf5 29. d7 Kf6 30. g4 Nh6 31. h3 g5 32. Bc6 Ke7 33. a5 Ng8 34. Re1+ Kd6 35. Re8 Kc7 36. Rxd8 Kxd8 37. Kg2 Nf6 38. Kg3 Nxd7 39. Bxd7 Kxd7 40. f4 h6 41. fxg5 hxg5 42. h4 gxh4+ 43. Kxh4 Ke6 44. g5 Kf5 45. Kh5 Ke6 46. Kh6 a6 47. Kg7 Ke7 48. Kh6 Kf8 49. Kh7 Ke7 50. Kg7 Ke6 51. Kh6 1/2-1/2

[Event "4NCL Online Division 6"]
[Site "online"]
[Date "2021.04.06"]
[EventDate "2021.04.06"]
[Round "6.141"]
[White "Coburn, Joseph A"]
[WhiteElo "1777"]
[WhiteTeam "Wessex Some Stars E"]
[Black "Young, Andy"]
[BlackElo "1563"]
[BlackTeam "Lerryn Clowns"]
[Result "1-0"]
[PlyCount "41"]

1. e4 c6 2. f4 e5 3. Nf3 exf4 4. d4 g5 5. Nc3 g4 6. Ne5 Qh4+ 7. g3 fxg3 8. Qxg4 g2+ 9. Qxh4 gxh1=Q 10. Qf4 Nh6 11. Qf6 Rg8 12. Bxh6 Qxh2 13. Qxf7+ Kd8 14. Qxg8 Qh4+ 15. Kd1 Qh5+ 16. Ne2 Kc7 17. Qxf8 d6 18. Qe7+ Bd7 19. Nf7 Na6 20. Qxd6+ Kb6 21. Ne5 1-0

[Event "4NCL Online Division 6"]
[Site "online"]
[Date "2021.04.06"]
[EventDate "2021.04.06"]
[Round "6.142"]
[White "Jenkins, Simon"]
[WhiteElo "1503"]
[WhiteTeam "Lerryn Clowns"]
[Black "Blanden, Edward"]
[BlackElo "1712"]
[BlackTeam "Wessex Some Stars E"]
[Result "1-0"]
[PlyCount "103"]

1. e4 c6 2. Bc4 d5 3. Bb3 dxe4 4. Qh5 g6 5. Qh4 Nf6 6. Nc3 a5 7. a4 Bg7 8. f3 Na6 9. fxe4 Nc5 10. Nf3 Nxb3 11. cxb3 Be6 12. Ra3 Qd3 13. e5 Ng4 14. h3 Nxe5 15. Qf2 Nxf3+ 16. Qxf3 Qxf3 17. gxf3 O-O-O 18. Ke2 f5 19. d3 Rd7 20. Be3 Kc7 21. Rc1 b6 22. d4 Kb7 23. Kd3 c5 24. Nb5 Rhd8 25. Ke2 Bxd4 26. Nxd4 cxd4 27. Bf4 d3+ 28. Kd2 Rc8 29. Rxc8 Kxc8 30. h4 Kb7 31. Be5 Kc6 32. f4 Kc5 33. Bc3 Bf7 34. Ke3 Bd5 35. Bd4+ Kc6 36. Kxd3 Be4+ 37. Kc3 e6 38. Ra1 Rb7 39. Be5 Bd5 40. b4 axb4+ 41. Kxb4 Ra7 42. Rc1+ Kd7 43. b3 Bc6 44. Rd1+ Bd5 45. Kb5 Rb7 46. Ka6 Rc7 47. Bxc7 Kxc7 48. b4 Bc4+ 49. b5 Bb3 50. Rc1+ Kb8 51. Kxb6 Bxa4 52. Rc7 1-0

[Event "4NCL Online Division 6"]
[Site "online"]
[Date "2021.04.06"]
[EventDate "2021.04.06"]
[Round "6.144"]
[White "Jenkins, David R"]
[WhiteElo "1423"]
[WhiteTeam "Lerryn Clowns"]
[Black "Jones, Tim"]
[BlackElo "1698"]
[BlackTeam "Wessex Some Stars E"]
[Result "0-1"]
[PlyCount "80"]

1. e4 c5 2. Nc3 d6 3. f4 Nc6 4. Nf3 Nf6 5. Bc4 e6 6. O-O Be7 7. d4 cxd4 8. Nxd4 O-O 9. f5 d5 10. Nxc6 bxc6 11. Bd3 dxe4 12. Bxe4 Nxe4 13. Qxd8 Rxd8 14. Be3 Nxc3 15. bxc3 exf5 16. Rab1 Be6 17. Rb7 Bf6 18. Rfb1 h6 19. Bxa7 Bxa2 20. Ra1 Bd5 21. Rab1 Bxc3 22. Bb6 Re8 23. h3 Ra1 24. Rxa1 Bxa1 25. Bc5 Re2 26. Bf2 Rxc2 27. Ra7 Rc1+ 28. Kh2 Be5+ 29. Bg3 Bxg3+ 30. Kxg3 Rc4 31. Ra3 g5 32. Ra1 Rc3+ 33. Kh2 Rc2 34. Kh1 Rxg2 35. Ra8+ Kg7 36. Rc8 Ra2+ 37. Kg1 f4 38. h4 f3 39. hxg5 f2+ 40. Kh2 f1=Q+ 0-1

[Event "4NCL Online Division 6"]
[Site "online"]
[Date "2021.04.06"]
[EventDate "2021.04.06"]
[Round "6.151"]
[White "Buanne, Luca"]
[WhiteElo "1903"]
[WhiteTeam "Battersea Juniors"]
[Black "Frostick, Helen M"]
[BlackElo "1697"]
[BlackTeam "Farnham B"]
[Result "1-0"]
[PlyCount "83"]

1. d4 d5 2. c4 e6 3. Nc3 Nf6 4. cxd5 exd5 5. Bg5 c6 6. e3 Be7 7. Bd3 Nbd7 8. Qc2 h6 9. Bh4 Nh5 10. Bxe7 Qxe7 11. Nf3 Nf4 12. O-O-O Nxd3+ 13. Qxd3 Nf6 14. Ne5 Ng4 15. Nxg4 Bxg4 16. f3 Be6 17. Kb1 O-O-O 18. Rhe1 Rhe8 19. Na4 Qg5 20. Qd2 Bf5+ 21. Ka1 Kb8 22. Nc5 Bc8 23. a4 b6 24. Nd3 Qe7 25. Ne5 Bb7 26. Rc1 Rc8 27. Qc2 f6 28. Nd3 Qd6 29. h3 Re7 30. Qb3 Rce8 31. Nb4 c5 32. dxc5 bxc5 33. Rxc5 Ka8 34. Rcc1 Rb8 35. Qc3 Re6 36. Nc2 Qa6 37. b3 Rb6 38. Nd4 Bc8 39. Rc2 Bd7 40. Rec1 Rb4 41. Ra2 Qb6 42. Qc5 1-0

[Event "4NCL Online Division 6"]
[Site "online"]
[Date "2021.04.06"]
[EventDate "2021.04.06"]
[Round "6.152"]
[White "Seyfried, Donald"]
[WhiteElo "1668"]
[WhiteTeam "Farnham B"]
[Black "Dupuis, Denis K"]
[BlackElo "1881"]
[BlackTeam "Battersea Juniors"]
[Result "0-1"]
[PlyCount "110"]

1. d4 d5 2. c4 c6 3. Nf3 Nf6 4. e3 Bf5 5. Nc3 e6 6. cxd5 exd5 7. Bd3 Bxd3 8. Qxd3 Bd6 9. h3 O-O 10. O-O Nbd7 11. Bd2 Re8 12. Rfc1 Ne4 13. Qb1 Ndf6 14. Be1 Nxc3 15. Bxc3 Ne4 16. Nd2 Nxd2 17. Bxd2 Bc7 18. Qd3 Qd6 19. g3 Re4 20. Qf1 Rae8 21. Re1 R4e6 22. Re2 Rg6 23. Qg2 h5 24. e4 h4 25. Bf4 Qe7 26. Bxc7 Qxc7 27. g4 Qf4 28. Rae1 dxe4 29. Rxe4 Rxe4 30. Qxe4 Qxe4 31. Rxe4 Re6 32. f3 Kf8 33. Kf2 Ke7 34. Ke3 Kd6 35. Rxe6+ Kxe6 36. Ke4 a5 37. a4 b5 38. b3 bxa4 39. bxa4 g5 40. f4 gxf4 41. g5 f3 42. Kxf3 Kf5 43. Ke3 Kxg5 44. Ke4 f5+ 45. Ke5 Kg6 46. d5 cxd5 47. Kxd5 Kf6 48. Kd4 Ke6 49. Ke3 Ke5 50. Kf3 f4 51. Kg4 Ke4 52. Kxh4 f3 53. Kg3 Ke3 54. h4 f2 55. Kg2 Ke2 0-1

[Event "4NCL Online Division 6"]
[Site "online"]
[Date "2021.04.06"]
[EventDate "2021.04.06"]
[Round "6.153"]
[White "Agrawal, Shivam"]
[WhiteElo "1836"]
[WhiteTeam "Battersea Juniors"]
[Black "Young, Jonathan G"]
[BlackElo "1546"]
[BlackTeam "Farnham B"]
[Result "1-0"]
[PlyCount "73"]

1. e4 c6 2. d4 d5 3. exd5 cxd5 4. c4 Nf6 5. Nc3 e6 6. Nf3 Nc6 7. Bg5 Be7 8. Bd3 h6 9. Bh4 Nb4 10. Be2 Nc6 11. O-O O-O 12. a3 a6 13. Ne5 Nxe5 14. dxe5 Nd7 15. Bxe7 Qxe7 16. cxd5 exd5 17. f4 Qc5+ 18. Kh1 Nb6 19. Rc1 Qa5 20. Qd4 Nc4 21. Nxd5 Nd2 22. b4 Nb3 23. Ne7+ Kh8 24. Qb2 Qd8 25. Rxc8 Rxc8 26. Nxc8 Qd2 27. Qxd2 Nxd2 28. Rd1 Ne4 29. Rc1 Rd8 30. Nd6 Nxd6 31. Rd1 Kg8 32. exd6 Kf8 33. Bf3 Rd7 34. Bg4 Rd8 35. Bf3 Rd7 36. Bxb7 Ke8 37. Bc6 1-0